|
|
|
|
| LEADER |
00835nam a2200193 i 4500 |
| 003 |
GR-PaULI |
| 005 |
20211230104606.0 |
| 008 |
211230s1960 gw g 000 0 ger d |
| 952 |
|
|
|0 0
|1 0
|2 ddc
|4 0
|6 832_600000000000000_SCH
|7 1
|9 353902
|a LISP
|b LISP
|c DON
|d 2021-12-30
|e ΨΥΧ
|i 254398
|l 0
|o 832.6 SCH
|p 025000287970
|r 2021-12-30 00:00:00
|t 1
|w 2021-12-30
|y BKN
|
| 999 |
|
|
|c 207509
|d 207509
|
| 040 |
|
|
|a GR-PaULI
|b gre
|c GR-PaULI
|e AACR2
|
| 082 |
0 |
4 |
|a 832.6
|2 23
|
| 100 |
1 |
|
|9 32637
|a Schiller, Friedrich,
|d 1759-1805,
|e συγγραφέας.
|
| 245 |
1 |
0 |
|a Don Carlos :
|b Infant von Spanien : ein Dramatisches Gedicht /
|c Friedrich Schiller.
|
| 260 |
|
|
|a Stuttgart :
|b Philipp Reclam Jun.,
|c 1960.
|
| 300 |
|
|
|a 200 σ. ;
|c 15 εκ.
|
| 650 |
|
4 |
|9 9120
|a Γερμανική λογοτεχνία
|y 18ος αιώνας
|
| 942 |
|
|
|2 ddc
|c BK
|
| 998 |
|
|
|c Σαλαμούρα
|d 2021-12
|